000 00613nam a22002057a 4500
008 240702b mp ||||| |||| 00| 0 mon d
035 _a15384
040 _aZA2481090
_bmon
_cMN-UlNLM
_dMN-UlNLM
_erda
041 _amon
042 _a38636
084 _2NNA
_a84/5мон/-44
_bЧ-205
100 _aЧандар К.
245 0 _aМянган эрийн сэтгэл булаасан бүсгүй
264 _aулаанбаатар
_bАДМОН
_c2009
300 _a147х.
336 _2rdacontent
_atext
_btxt
337 _2rdamedia
_aunmediated
_bn
338 _2rdacarrier
_avolume
_bnc
942 _2NNA
_cBK
999 _c1083247
_d1083304